Statistics for One NBA 2019-20 Player By Letter By Division

Click here to take the quiz!

General Stats

  • This quiz has been taken 15 times
  • The average score is 76 of 125

Answer Stats

Division Players % Correct
SouthwestRussell Westbrook +8
100%
SoutheastJimmy Butler +13
100%
AtlanticPascal Siakam +6
100%
PacificStephen Curry +7
100%
NorthwestNikola Jokić +1
100%
CentralThaddeus Young
100%
PacificLeBron James +6
100%
AtlanticMarc Gasol +2
100%
SouthwestJaren Jackson Jr. +5
100%
SoutheastJohn Collins +6
100%
AtlanticKevin Durant +3
100%
SoutheastTrae Young
100%
NorthwestLuguentz Dort +4
92%
CentralEric Bledsoe +6
92%
NorthwestDonovan Mitchell +9
92%
NorthwestHassan Whiteside +2
92%
PacificAnthony Davis +2
92%
PacificPaul George +5
92%
SoutheastIsh Smith +4
92%
CentralT.J. Warren +5
92%
SoutheastDerrick Jones Jr. +2
92%
CentralGiannis Antetokounmpo +2
92%
SouthwestRobert Covington +9
92%
AtlanticKyrie Irving +1
92%
SouthwestJames Harden +7
92%
AtlanticKemba Walker +6
92%
SouthwestLuka Dončić +2
92%
SouthwestDerrick Favors +3
92%
SouthwestLaMarcus Aldridge +3
92%
AtlanticJayson Tatum +5
92%
PacificLou Williams +2
92%
CentralMyles Turner +2
83%
AtlanticTobias Harris +6
83%
PacificKlay Thompson +1
83%
NorthwestRudy Gobert +4
83%
AtlanticDeAndre Jordan +1
83%
SouthwestEric Gordon +4
83%
SoutheastJohn Wall +3
83%
SouthwestKristaps Porzingis +3
83%
NorthwestChris Paul +2
83%
NorthwestKarl-Anthony Towns +3
83%
CentralZach LaVine +5
83%
CentralAlize Johnson
83%
SouthwestJa Morant +9
83%
NorthwestBojan Bogdanovic +9
75%
NorthwestCarmelo Anthony +2
75%
AtlanticJaylen Brown +6
75%
PacificMarcus Morris +6
75%
NorthwestMike Conley +5
75%
SouthwestLonzo Ball +4
75%
NorthwestDamian Lillard +2
75%
PacificKawhi Leonard +4
75%
PacificDevin Booker +11
75%
PacificMontrezl Harrell +5
75%
AtlanticOG Anunoby +2
75%
AtlanticJoel Embiid +2
75%
CentralGeorge Hill +6
75%
CentralVictor Oladipo +1
67%
NorthwestD’Angelo Russell +3
67%
PacificDeandre Ayton +1
67%
CentralKhris Middleton +13
67%
NorthwestGary Harris +5
67%
PacificRicky Rubio +2
67%
SoutheastBam Adebayo +3
67%
AtlanticJulius Randle +3
67%
AtlanticKyle Lowry +3
67%
SoutheastTyler Herro +6
67%
SoutheastTerry Rozier +4
67%
AtlanticPatrick McCaw +4
58%
CentralWendell Carter Jr. +1
58%
SoutheastAndre Iguodala +2
58%
CentralAndre Drummond +4
58%
CentralBlake Griffin +3
58%
SoutheastMeyers Leonard +2
58%
SouthwestP.J. Tucker
58%
AtlanticTaurean Prince +6
50%
AtlanticFred VanVleet
50%
PacificEric Paschall +2
50%
AtlanticEnes Kanter +3
50%
SoutheastNikola Vučević +1
50%
PacificDe'Aaron Fox +1
50%
CentralOtto Porter +2
50%
NorthwestJoe Ingles
50%
SoutheastAaron Gordon +3
50%
NorthwestJusuf Nurkić +4
50%
AtlanticTacko Fall
42%
SoutheastCody Zeller
42%
PacificDario Šarić +2
42%
SoutheastGoran Dragic +1
42%
CentralDerrick Rose +1
42%
CentralLuke Kennard +4
42%
CentralErsan Ilyasova
33%
SouthwestJonas Valančiūnas
33%
SoutheastKelly Olynyk +1
33%
SouthwestJJ Redick +2
33%
SoutheastGary Payton II +1
33%
NorthwestJosh Okogie +2
33%
AtlanticFrank Ntilikina +1
33%
SoutheastKendrick Nunn +1
33%
SoutheastEvan Fournier +3
33%
NorthwestDennis Schröder +3
33%
AtlanticKyle O’Quinn +1
33%
CentralDomantas Sabonis +6
33%
PacificKelly Oubre Jr. +2
33%
SouthwestBrandon Ingram
25%
CentralCristiano Felicio
25%
AtlanticWilson Chandler +2
25%
PacificKyle Kuzma +2
25%
SoutheastJeff Teague
25%
CentralDante Exum
17%
SouthwestJahlil Okafor
17%
SouthwestTrey Lyles +1
17%
SouthwestMaxi Kleber +2
17%
NorthwestJacob Evans
17%
SoutheastJames Ennis
17%
NorthwestNoah Vonleh +1
17%
PacificIvica Zubac
17%
SoutheastMalik Monk +5
17%
NorthwestTerrance Ferguson
8%
CentralLarry Nance
8%
PacificJoakim Noah
8%
CentralAnte Žižić
8%
CentralDenzel Valentine
8%
SouthwestDrew Eubanks
0%
SouthwestThabo Sefolosha +1
0%

Score Distribution

Percentile by Number Answered

Percent of People with Each Score

Your Score History

You have not taken this quiz